| 000 | 00378nam a2200133Ia 4500 | ||
|---|---|---|---|
| 008 | 231129s9999||||xx |||||||||||||| ||spa|| | ||
| 020 | _a968-880-152-6 | ||
| 040 | _bspa | ||
| 082 | _a519.5 L665e | ||
| 100 | _aLevin Richard I. | ||
| 245 | 0 | _aEstadistica para administradores | |
| 264 | _aPrentice-Hall Hispanoamericana | ||
| 942 |
_2ddc _cBKS |
||
| 999 |
_c13490 _d13490 |
||